<?xml version="1.0" encoding="UTF-8"?>
<record
    xmlns:xsi="http://www.w3.org/2001/XMLSchema-instance"
    xsi:schemaLocation="http://www.loc.gov/MARC21/slim http://www.loc.gov/standards/marcxml/schema/MARC21slim.xsd"
    xmlns="http://www.loc.gov/MARC21/slim">

  <leader>01307nam a22002897a 4500</leader>
  <controlfield tag="001">BRCA_9255</controlfield>
  <controlfield tag="003">FranzMayer</controlfield>
  <controlfield tag="005">20230717140051.0</controlfield>
  <controlfield tag="008">230714b        |||||||| |||| 00| 0 eng d</controlfield>
  <datafield tag="020" ind1=" " ind2=" ">
    <subfield code="a">9786073059374</subfield>
  </datafield>
  <datafield tag="040" ind1=" " ind2=" ">
    <subfield code="a">MFM</subfield>
    <subfield code="b">esp</subfield>
    <subfield code="c">MFM</subfield>
  </datafield>
  <datafield tag="041" ind1=" " ind2=" ">
    <subfield code="a">esp</subfield>
  </datafield>
  <datafield tag="050" ind1=" " ind2="0">
    <subfield code="a">NC675.M49</subfield>
    <subfield code="b">U53 2022</subfield>
  </datafield>
  <datafield tag="240" ind1="1" ind2=" ">
    <subfield code="a">El dise&#xF1;o y los objetivos de desarrollo sostenible</subfield>
    <subfield code="h">Proyectos ganadores del Premio Nacional de Dise&#xF1;o: Dise&#xF1;a M&#xE9;xico 2020</subfield>
    <subfield code="l">esp-ing</subfield>
  </datafield>
  <datafield tag="245" ind1="0" ind2=" ">
    <subfield code="a">El dise&#xF1;o y los objetivos de desarrollo sostenible</subfield>
    <subfield code="b">Proyectos ganadores del Premio Nacional de Dise&#xF1;o: Dise&#xF1;a M&#xE9;xico 2020</subfield>
  </datafield>
  <datafield tag="260" ind1=" " ind2=" ">
    <subfield code="a">CDMX</subfield>
    <subfield code="b">UNAM</subfield>
    <subfield code="c">2022</subfield>
  </datafield>
  <datafield tag="300" ind1=" " ind2=" ">
    <subfield code="a">1 v.</subfield>
    <subfield code="b">Ilustraciones a color</subfield>
    <subfield code="c">22 cm</subfield>
  </datafield>
  <datafield tag="500" ind1=" " ind2=" ">
    <subfield code="a">L60/N5</subfield>
  </datafield>
  <datafield tag="505" ind1="0" ind2=" ">
    <subfield code="a">T&#xED;tulo del lomo: El dise&#xF1;o y los objetivos de desarrollo sostenibleDestinado a: Dise&#xF1;adores, artistas, fot&#xF3;grafos, artesanos, investigadores, muse&#xF3;grafosTexto en: Espa&#xF1;ol, ingl&#xE9;sIncluye &#xED;ndice (tem&#xE1;tico) </subfield>
  </datafield>
  <datafield tag="610" ind1="1" ind2=" ">
    <subfield code="2">Editorial</subfield>
    <subfield code="a">UNAM</subfield>
    <subfield code="b">Facultad de arte y dise&#xF1;o</subfield>
    <subfield code="9">28718</subfield>
  </datafield>
  <datafield tag="650" ind1="1" ind2=" ">
    <subfield code="2">Dise&#xF1;o</subfield>
    <subfield code="a">Arte</subfield>
    <subfield code="v">Innovaci&#xF3;n</subfield>
    <subfield code="x">M&#xE9;xico</subfield>
    <subfield code="9">28719</subfield>
  </datafield>
  <datafield tag="651" ind1="2" ind2=" ">
    <subfield code="2">Dise&#xF1;adores</subfield>
    <subfield code="a">Premios</subfield>
    <subfield code="v">M&#xE9;xico</subfield>
    <subfield code="9">28720</subfield>
  </datafield>
  <datafield tag="700" ind1="1" ind2=" ">
    <subfield code="4">Ed. y Comp.</subfield>
    <subfield code="a">Fr&#xED;as Pe&#xF1;a, Julio</subfield>
    <subfield code="9">28721</subfield>
  </datafield>
  <datafield tag="700" ind1="1" ind2=" ">
    <subfield code="4">Dir.</subfield>
    <subfield code="a">Herrera Teixero, Rodrigo </subfield>
    <subfield code="9">28722</subfield>
  </datafield>
  <datafield tag="710" ind1="1" ind2=" ">
    <subfield code="a">UNAM</subfield>
    <subfield code="b">Facultad de artes y dise&#xF1;o</subfield>
    <subfield code="9">28723</subfield>
  </datafield>
  <datafield tag="942" ind1=" " ind2=" ">
    <subfield code="2">lcc</subfield>
    <subfield code="c">B</subfield>
  </datafield>
  <datafield tag="999" ind1=" " ind2=" ">
    <subfield code="c">10874</subfield>
    <subfield code="d">10874</subfield>
  </datafield>
  <datafield tag="952" ind1=" " ind2=" ">
    <subfield code="0">0</subfield>
    <subfield code="1">0</subfield>
    <subfield code="2">lcc</subfield>
    <subfield code="4">0</subfield>
    <subfield code="7">0</subfield>
    <subfield code="8">FCON</subfield>
    <subfield code="a">BRCA</subfield>
    <subfield code="b">BRCA</subfield>
    <subfield code="d">2023-07-14</subfield>
    <subfield code="e">Donaci&#xF3;n</subfield>
    <subfield code="l">0</subfield>
    <subfield code="o">NC675.M49 U53 2022</subfield>
    <subfield code="p">CONT10051</subfield>
    <subfield code="r">2023-07-14 00:00:00</subfield>
    <subfield code="t">1</subfield>
    <subfield code="w">2023-07-14</subfield>
    <subfield code="y">B</subfield>
  </datafield>
  <datafield tag="952" ind1=" " ind2=" ">
    <subfield code="0">0</subfield>
    <subfield code="1">0</subfield>
    <subfield code="2">lcc</subfield>
    <subfield code="4">0</subfield>
    <subfield code="7">0</subfield>
    <subfield code="8">FCON</subfield>
    <subfield code="a">BRCA</subfield>
    <subfield code="b">BRCA</subfield>
    <subfield code="d">2023-07-14</subfield>
    <subfield code="e">Donaci&#xF3;n</subfield>
    <subfield code="l">0</subfield>
    <subfield code="o">NC675.M49 U53 2022</subfield>
    <subfield code="p">CONT10052</subfield>
    <subfield code="r">2023-07-14 00:00:00</subfield>
    <subfield code="t">2</subfield>
    <subfield code="w">2023-07-14</subfield>
    <subfield code="y">B</subfield>
  </datafield>
</record>
